| 000 | 00561cam a2200217ua 4500 | ||
|---|---|---|---|
| 020 |
_a81-7648-098-3 _c1000 |
||
| 041 |
_aeng _h |
||
| 082 |
_a628.5 _bSHU/AD |
||
| 100 | _aShukla, A C . | ||
| 245 | 0 | 0 |
_aAdvances in Environmental biopollution / _cA C Shukla. _hTextual Documents |
| 250 |
_a1 / _b. |
||
| 260 |
_aNew Delhi : _bA.P.H. Publishing Corporation , _c1999. |
||
| 300 | _a536 ; . | ||
| 365 | _a1000 | ||
| 504 | _a | ||
| 700 | 1 | _aPandey, S N . | |
| 700 | 1 | _aTrivedi, P S. | |
| 700 | 1 | _aVandana, A . | |
| 942 | _cBK | ||
| 999 |
_c3001 _d3001 |
||